Most Searched Metal Bands on Wikipedia (Extreme) - Statistics

General Stats
  • This quiz has been taken 109 times
    100 since last reset
  • The average score is 75 of 316
Answer Stats
Page Views Origin Sub-Genre Band / Artist % Correct
58,594,329 United States Thrash Metal Metallica
94%
32,332,373 United Kingdom Heavy Metal Black Sabbath
92%
42,447,344 Germany Neue Deutsche Härte Rammstein
92%
36,780,469 United States Nu Metal Slipknot
91%
34,484,415 United Kingdom Heavy Metal Iron Maiden
89%
52,155,602 United States Nu Metal Linkin Park
83%
17,547,469 United States Thrash Metal Megadeth
83%
21,562,427 United States Rap Metal Rage Against the Machine
79%
18,575,272 United States Nu Metal Korn
77%
16,238,111 United States Thrash Metal Slayer
77%
25,389,602 United States Alternative Metal System Of A Down
75%
7,940,218 United States Thrash Metal Anthrax
74%
17,754,359 United Kingdom Heavy Metal Judas Priest
72%
16,761,264 United States Nu Metal Limp Bizkit
72%
24,698,626 Japan Kawaii Metal BABYMETAL
70%
5,747,136 United States Technical Death Metal Death
70%
15,658,589 United States Groove Metal Pantera
68%
7,399,363 United States Brutal Death Metal Cannibal Corpse
62%
10,362,452 Brazil Groove Metal Sepultura
62%
13,249,387 Norway Black Metal Mayhem
60%
12,890,002 Sweden Power Metal Sabaton
60%
12,561,346 United States Progressive Metal Dream Theater
58%
18,476,853 United States Progressive Metal TOOL
58%
6,668,154 France Progressive Metal Gojira
55%
8,213,296 Germany Power Metal Helloween
55%
19,077,690 Finland Symphonic Metal Nightwish
55%
16,589,340 United States Grunge Alice In Chains
53%
12,540,314 United States Alternative Metal Disturbed
53%
5,270,078 Sweden Djent Meshuggah
53%
4,204,670 United Kingdom Grindcore Napalm Death
53%
48,881,291 United Kingdom Heavy Metal Ozzy Osbourne
53%
6,851,972 Norway Atmospheric Black Metal Burzum
51%
2,450,140 United States Thrash Metal Exodus
47%
17,594,838 United Kingdom Heavy Metal Motörhead
47%
5,942,754 Sweden Progressive Metal Opeth
47%
4,373,061 United States Thrash Metal Testament
47%
15,908,710 United States Heavy Metal Avenged Sevenfold
45%
5,105,849 Finland Melodic Death Metal Children Of Bodom
45%
3,118,537 Norway Black Metal Darkthrone
45%
6,071,197 Sweden Melodic Death Metal In Flames
45%
5,662,209 Poland Blackened Death Metal Behemoth
43%
14,292,758 United States Metalcore Bring Me the Horizon
43%
1,733,434 Sweden Epic Doom Metal Candlemass
43%
9,836,701 United States Alternative Metal Deftones
43%
5,922,361 United States Heavy Metal Dio
43%
6,567,918 United Kingdom Power Metal DragonForce
43%
2,613,010 Norway Symphonic Black Metal Emperor
43%
10,855,718 United States Groove Metal Five Finger Death Punch
43%
5,515,465 United States Progressive Metal Mastodon
43%
1,383,343 Germany Power Metal Rage
43%
2,755,508 Germany Thrash Metal Sodom
43%
1,395,737 United States Crossover Thrash Stormtroopers of Death
43%
3,018,100 United Kingdom Death Metal Carcass
42%
4,061,468 Germany Thrash Metal Kreator
42%
11,653,043 United States Grunge Soundgarden
42%
5,159,864 United States Melodic Metalcore Trivium
42%
3,656,223 Sweden Viking Metal Bathory
40%
5,408,316 United States Melodic Metalcore Killswitch Engage
40%
1,707,356 United States Progressive Metal Symphony X
40%
5,388,195 United States Gothic Metal Type O Negative
40%
5,201,595 United Kingdom Symphonic Black Metal Cradle Of Filth
38%
2,219,782 United States Death Metal Deicide
38%
3,591,590 United States Industrial Metal Fear Factory
38%
4,320,124 United States Groove Metal Machine Head
38%
2,951,878 United States Death Metal Morbid Angel
38%
4,782,610 Germany Power Metal Powerwolf
38%
5,203,224 Sweden Melodic Death Metal Amon Amarth
36%
3,846,805 United States Melodic Metalcore As I Lay Dying
36%
3,987,856 Germany Power Metal Blind Guardian
36%
1,571,029 United Kingdom Stoner Metal Electric Wizard
36%
4,267,510 United States Heavy Metal Venom
36%
16,533,971 Japan Heavy Metal X Japan
36%
8,084,132 Sweden Neoclassical Metal Yngwie Malmsteen
36%
2,646,660 United Kingdom Folk Metal Alestorm
34%
6,479,378 United Kingdom Melodic Metalcore Bullet For My Valentine
34%
18,052,924 United States Alternative Metal Evanescence
34%
6,787,018 United States Groove Metal Lamb of God
34%
2,186,839 United States Deathcore Lorna Shore
34%
4,572,561 United States Industrial Metal Ministry
34%
5,223,449 United States Heavy Metal Queensrÿche
32%
1,909,081 United States Stoner Metal Sleep
32%
8,053,618 Canada Alternative Metal Three Days Grace
32%
4,059,538 United Kingdom Metalcore Architects
30%
1,520,719 Sweden Melodic Death Metal At the Gates
30%
2,750,259 Switzerland Thrash Metal Celtic Frost
30%
4,417,309 Norway Symphonic Black Metal Dimmu Borgir
30%
2,532,880 Sweden Power Metal HammerFall
30%
3,403,344 Ukraine Progressive Metal Jinjer
30%
2,743,450 Denmark Heavy Metal Mercyful Fate
30%
2,262,247 United States Death Metal Obituary
30%
2,441,870 United States Thrash Metal Overkill
30%
2,839,208 United States Djent Periphery
30%
16,188,823 United States Industrial Metal Rob Zombie
30%
1,995,360 Canada Progressive Thrash Metal Voivod
30%
6,026,463 United States Alternative Metal Breaking Benjamin
28%
3,558,154 United States Stoner Rock / Metal Kyuss
28%
7,427,337 United States Heavy Metal Manowar
28%
1,337,013 United Kingdom Death-Doom My Dying Bride
28%
2,913,579 United Kingdom Gothic Metal Paradise Lost
28%
6,563,328 Denmark Heavy Metal Volbeat
28%
1,794,238 United States Deathcore Whitechapel
28%
6,611,046 Netherlands Symphonic Metal Within Temptation
28%
6,061,452 Germany Heavy Metal Accept
26%
7,927,296 Sweden Melodic Death Metal Arch Enemy
26%
13,787,501 United Kingdom Heavy Metal Bruce Dickinson
26%
1,471,388 United States Deathgrind Cattle Decapitation
26%
3,767,489 Switzerland Celtic Metal Eluveitie
26%
1,643,885 Sweden Death Metal Entombed
26%
4,211,549 Netherlands Symphonic Metal Epica
26%
3,264,820 Norway Black Metal Gorgoroth
26%
3,526,816 Italy Alternative Metal Lacuna Coil
26%
1,551,996 United States Technical Death Metal Nile
26%
3,128,481 Australia Melodic Metalcore Parkway Drive
26%
6,498,582 United States Funk Metal Primus
26%
3,321,661 United States Deathcore Suicide Silence
26%
3,546,452 United States Groove Metal White Zombie
26%
2,097,067 Canada Thrash Metal Annihilator
25%
1,697,921 United States Alternative Metal Bad Omens
25%
1,367,097 United States Brutal Death Metal Dying Fetus
25%
2,444,140 United States Melodic Metalcore Ice Nine Kills
25%
2,436,205 Sweden Alternative Metal Katatonia
25%
3,704,149 United States Nu Metal Mudvayne
25%
1,941,033 Norway Black Metal Satyricon
25%
3,878,588 United Kingdom Heavy Metal Saxon
25%
2,054,896 Russia Deathcore Slaughter to Prevail
25%
5,998,084 United States Crossover Thrash Suicidal Tendencies
25%
2,133,110 Sweden Melodic Death Metal Dark Tranquillity
23%
1,502,554 Germany Thrash Metal Destruction
23%
3,013,745 United States Nu Metal Drowning Pool
23%
1,664,157 Finland Folk Metal Ensiferum
23%
8,297,614 United States Alternative Metal Faith No More
23%
1,962,723 Canada Nu Metal Kittie
23%
4,411,516 United States Industrial Metal Static-X
23%
2,682,921 Sweden Symphonic Metal Therion
23%
1,489,683 Netherlands Black Metal (Electronic) Ulver
23%
1,376,471 Finland Melodic Death Metal Wintersun
23%
1,131,403 United States Atmospheric Black Metal Agalloch
21%
6,537,170 United Kingdom Melodic Metalcore Asking Alexandria
21%
4,338,898 Canada Progressive Metal Devin Townsend
21%
1,265,171 Norway Progressive Black Metal Enslaved
21%
1,001,639 Denmark Heavy Metal King Diamond
21%
1,682,058 United States Heavy Metal Metal Church
21%
2,843,895 United States Melodic Death Metal Metalocalypse: Dethklok
21%
3,195,869 Italy Symphonic Power Metal Rhapsody of Fire
21%
2,109,357 United States Heavy Metal Savatage
21%
2,387,126 Finland Power Metal Sonata Arctica
21%
1,486,999 Canada Alternative Metal Spiritbox
21%
3,448,339 Finland Power Metal Stratovarius
21%
1,389,011 United States Brutal Death Metal Suffocation
21%
2,298,684 United States Drone Metal Sunn O)))
21%
2,567,623 United States Mathcore The Dillinger Escape Plan
21%
1,606,042 Australia Deathcore Thy Art Is Murder
21%
3,121,714 Brazil Power Metal ANGRA
19%
8,977,707 Germany Power Metal Avantasia
19%
1,787,968 United States Metalcore Converge
19%
1,196,102 United States Sludge Metal Crowbar
19%
2,775,344 United States Power Metal Iced Earth
19%
1,382,325 Norway Progressive Metal Ihsahn
19%
2,670,969 Norway Black Metal Immortal
19%
1,888,155 United States Alternative Metal I Prevail
19%
2,631,068 United States Power Metal Kamelot
19%
2,225,290 Sweden Black Metal Marduk
19%
1,081,840 Greece Symphonic Death Metal Septicflesh
19%
2,770,945 United Kingdom Alternative Metal Sleep Token
19%
6,446,278 United States Heavy Metal Twisted Sister
19%
1,508,893 France Blackgaze Alcest
17%
2,302,522 United States Progressive Metal Animals As Leaders
17%
1,973,181 United States Melodic Metalcore August Burns Red
17%
1,873,853 Netherlands Progressive Metal Ayreon
17%
1,405,641 Japan Drone Metal Boris
17%
1,395,771 Sweden Black Metal Dark Funeral
17%
2,094,520 Netherlands Symphonic Metal Delain
17%
7,580,571 Germany Power Metal Edguy
17%
1,065,015 United States Sludge Metal Eyehategod
17%
1,189,634 United States Progressive Metal Fates Warning
17%
1,048,392 Finland Folk Metal Finntroll
17%
4,434,261 United States Alternative Metal Godsmack
17%
5,008,645 Japan Alternative Metal MAXIMUM THE HORMONE
17%
2,157,639 Germany Neue Deutsche Härte OOMPH!
17%
1,344,834 United States Traditional Doom Metal Pentagram
17%
5,977,001 United States Alternative Metal Stone Sour
17%
1,127,140 Canada Industrial Metal Strapping Young Lad
17%
2,238,635 United States Melodic Death Metal The Black Dahlia Murder
17%
1,340,109 Sweden Black Metal Watain
17%
3,361,033 United States Heavy Metal Black Label Society
15%
1,437,386 United States Metalcore Butcher Babies
15%
1,662,037 United States Deathcore Chelsea Grin
15%
1,462,177 Poland Technical Death Metal Decapitated
15%
3,715,705 Japan Alternative Metal DIR EN GREY
15%
1,817,523 Sweden Melodic Black Metal Dissection
15%
1,227,154 United Kingdom Progressive Metal Haken
15%
2,070,509 United States Metalcore Hatebreed
15%
1,903,953 Finland Folk Metal Korpiklaani
15%
3,405,131 United States Alternative Metal Mushroomhead
15%
2,125,702 United States Alternative Metal Sevendust
15%
3,163,930 United States Groove Metal Soulfly
15%
3,525,640 Sweden Trance Metal Amaranthe
13%
1,422,477 United States Metalcore Attila
13%
1,543,798 United Kingdom Death Metal Bolt Thrower
13%
1,857,323 United States Nu Metal Coal Chamber
13%
4,279,259 United States Heavy Metal Danzig
13%
1,058,951 United States Crossover Thrash Dirty Rotten Imbeciles
13%
2,164,443 United States Southern Metal DOWN
13%
2,017,436 Germany Electronicore Electric Callboy
13%
1,321,333 Japan Power Metal GALNERYUS
13%
1,761,195 United Kingdom Power Metal Gloryhammer
13%
3,869,660 United States Thrash Metal GWAR
13%
1,024,810 Switzerland Black Metal Hellhammer
13%
1,343,739 United States Nu Metal Ill Niño
13%
1,244,576 Finland Melodic Death Metal Insomnium
13%
3,923,101 United States Sludge Metal Melvins
13%
1,135,062 Poland Black Metal Mgła
13%
3,700,692 United States Metalcore Motionless In White
13%
1,480,022 United States Deathrash Possessed
13%
1,862,422 Greece Melodic Black Metal Rotting Christ
13%
2,507,313 United States Melodic Metalcore All That Remains
11%
2,629,633 Netherlands Doom Metal (Alt. Rock) Anathema
11%
1,125,303 Finland Heavy Metal Beast In Black
11%
1,050,083 Austria Blackened Death Metal Belphegor
11%
1,394,457 Sweden Death Metal Bloodbath
11%
1,421,030 United States Groove Metal DevilDriver
11%
1,774,535 Germany Power Metal Gamma Ray
11%
1,033,162 United States Metalcore Knocked Loose
11%
1,395,503 Portugal Gothic Metal Moonspell
11%
5,103,962 United States Heavy Metal W.A.S.P.
11%
1,476,353 Germany Symphonic Metal Xandria
11%
2,465,757 Finland Progressive Metal Amorphis
9%
1,688,491 United States Sludge Metal Baroness
9%
1,541,079 United States Thrash Metal Death Angel
9%
1,558,883 United States Nu Metal Dope
9%
1,014,785 United States Drone Metal Earth
9%
1,067,900 United Kingdom Industrial Metal Godflesh
9%
1,072,003 United States Funk Metal Infectious Grooves
9%
1,957,523 Germany Gothic Metal Lacrimosa
9%
1,307,236 Sweden Gothic Metal Tiamat
9%
1,611,597 Poland Death Metal Vader
9%
1,218,562 Netherlands Symphonic Metal After Forever
8%
1,950,746 United States Noisegrind Anal Cunt
8%
1,207,285 United States Deathcore Born of Osiris
8%
1,716,656 United States Blackgaze Deafheaven
8%
1,809,558 United States Alternative Metal Helmet
8%
1,327,228 Norway Progressive Metal Leprous
8%
1,220,825 United States Progressive Metal Liquid Tension Experiment
8%
3,676,818 United States Alternative Metal (Electropop) Poppy
8%
1,055,261 United States Groove Metal Prong
8%
1,062,191 Norway Gothic Metal Sirenia
8%
1,240,846 United Kingdom Alternative Metal Skindred
8%
1,656,098 Sweden Melodic Death Metal Soilwork
8%
1,561,634 United Kingdom Progressive Metal TesseracT
8%
1,302,577 Canada Melodic Metalcore The Agonist
8%
1,026,528 Norway Gothic Metal Theatre of Tragedy
8%
1,796,204 United States Metalcore The Devil Wears Prada
8%
1,489,752 Netherlands Gothic Metal (Alt. Rock) The Gathering
8%
1,719,660 United States Progressive Metal Between the Buried and Me
6%
1,287,820 United States Thrash Metal Cavalera Conspiracy
6%
1,123,946 United States Progressive Metal Cynic
6%
1,949,213 Germany Neue Deutsche Härte Eisbrecher
6%
1,576,907 United States Metalcore Every Time I Die
6%
1,189,951 Germany Heavy Metal Grave Digger
6%
1,288,090 United States Atmospheric Sludge Metal ISIS
6%
1,097,656 Norway Black 'n' Roll Kvelertak
6%
3,190,475 United States Funk Metal Living Colour
6%
1,301,187 United States Progressive Metal Nevermore
6%
1,318,541 Sweden Industrial Metal PAIN
6%
1,184,714 Sweden Progressive Metal Pain of Salvation
6%
1,640,799 United States Nu Metal Saliva
6%
1,317,617 Germany Mittelalter-Metal Saltatio Mortis
6%
1,642,915 United States Death Metal Six Feet Under
6%
1,261,527 Sweden Progressive Metal Soen
6%
1,641,539 United States Metalcore We Came As Romans
6%
1,895,171 United States Melodic Metalcore Atreyu
4%
1,545,971 Sweden Alternative Metal Avatar
4%
2,749,764 United States Alternative Metal Bad Wolves
4%
1,565,738 Poland Black Metal Batushka
4%
1,210,863 Germany Symphonic Metal Beyond the Black
4%
2,525,929 United States Crossover Thrash Body Count
4%
1,961,012 United Kingdom Hard Rock / Heavy Metal Budgie
4%
1,033,052 Sweden Rap Metal Clawfinger
4%
1,772,794 United States Southern Metal Corrosion of Conformity
4%
1,452,461 United States Metalcore Crown the Empire
4%
1,372,385 United Kingdom Heavy Metal Heaven & Hell
4%
1,045,959 United States Rap Metal (həd) p.e.
4%
2,609,970 United States Groove Metal HELLYEAH
4%
1,325,611 Sweden Melodic Death Metal Hypocrisy
4%
1,786,552 Germany Gothic Metal Lord of the Lost
4%
1,035,075 United States Metalcore Memphis May Fire
4%
1,556,388 United States Atmospheric Sludge Metal Neurosis
4%
2,848,572 United States Metalcore Of Mice & Men
4%
1,112,951 United Kingdom Metalcore While She Sleeps
4%
1,018,239 United States Nu Metal Adema
2%
2,001,565 United States New York Hardcore Biohazard
2%
2,691,372 United States Alternative Metal Chevelle
2%
1,653,064 United States Metalcore Code Orange
2%
1,098,786 United States Alternative Metal Cold
2%
1,366,531 Japan Electronicore Crossfaith
2%
1,500,900 United States Groove Metal Damageplan
2%
1,252,743 United States Thrash Metal Flotsam and Jetsam
2%
1,438,307 Germany Melodic Death Metal Heaven Shall Burn
2%
1,650,335 Germany Mittelalter-Metal In Extremo
2%
3,715,695 United States Alternative Metal In This Moment
2%
1,461,661 United States Metalcore Norma Jean
2%
1,177,974 United States Nu Metal Otep
2%
1,087,686 Denmark Heavy Metal Pretty Maids
2%
1,533,063 Germany Heavy Metal Running Wild
2%
1,386,182 United States Melodic Metalcore blessthefall
0%
1,007,905 Finland Nu Metal Blind Channel
0%
1,872,624 Japan Alternative Metal coldrain
0%
1,218,355 United States Metalcore Emmure
0%
1,838,389 Canada Progressive Metal James LaBrie
0%
4,054,433 United States Progressive Metal John Petrucci
0%
1,117,260 United States Alternative Metal Life of Agony
0%
1,140,871 Germany Heavy Metal Primal Fear
0%
1,016,300 United States Progressive Metal Protest the Hero
0%
1,126,878 United States Alternative Metal Rollins Band
0%
1,231,009 United States Progressive Metal Sons of Apollo
0%
No matching quizzes found
Score Distribution
Percent of People with Each Score
Percentile by Number Answered
Your Score History
You have not taken this quiz since the last reset